Supernatural Creatures - Statistics

General Stats
  • This quiz has been taken 279 times
  • The average score is 7 of 15
Answer Stats
Hint Answer % Correct
The disembodied spirit of a dead person, haunts the living as a pale or shadowy vision Ghost
81%
An evil spirit or devil Demon
79%
An individual who can shape-shift into a wolf Werewolf
79%
A corpse that rises nightly from its grave to drink the blood of the living Vampire
78%
A supernatural spirit that reanimates a dead body Zombie
62%
A female spirit whose wailing warns of impending death Banshee
57%
A servant who appears by magic and fulfils a person's wishes Genie
51%
A mischievous elf, often believed to have a treasure hoard Leprechaun
48%
A spirit believed to manifest its presence by rappings and other noises and also by acts of mischief, such as throwing furniture about Poltergeist
43%
Usually represented in diminutive human form and characterized as clever, playful, and having magical powers Fairy
41%
A mythical figure of superhuman size and strength Giant
37%
Usually characterized as small, manlike, and mischievous Elf
34%
An artificially created human being brought to life by supernatural means Golem
25%
A water spirit in the form of a horse that drowns its riders Kelpie
20%
An elf said to do helpful work at night, especially household chores Brownie
11%
No matching quizzes found
Score Distribution
Percent of People with Each Score
Percentile by Number Answered
Your Score History
You have not taken this quiz